Nová vláda Slovenskej republiky Ladislav Kováč ; Ladislav Kováč

Bibliographic Details
Format: Article
Language:Slovak
PhysicalDescription:Fot. 1.
Subjects:

MARC

LEADER 00000nab a2200000 a 4500
001 vtls000383719
003 SK-MaSNL
005 20260302232520.0
008 160215c1990 xo 0 slo
015 |a SNBRB19rr/mm-uuuuu 
035 |a CL0383841 
040 |a SNKBUCL  |b slo  |c SNKBUCL  |e AACR2 
041 0 |a slo 
044 |a xo  |c SK 
080 |a 354.32-051(437.6)  |2 1981 
080 |a 929 Kováč, Ladislav  |2 1981 
245 0 0 |a Nová vláda Slovenskej republiky  |b Ladislav Kováč ; Ladislav Kováč 
300 |b Fot. 1. 
600 1 7 |a Kováč, Ladislav,  |d 1932-  |2 snkbucl  |9 107549 
650 0 7 |a Kováč, Ladislav,  |d 1932-  |2 snkbucl  |9 961674 
655 7 |a články z novín a časopisov  |2 snkbucl  |9 267496 
773 0 |t Národná obroda  |g Roč. 1, č. 39 (28. 6. 1990), s. 4 
850 |a Slovenská národná knižnica v Martine  |a MTA001 
852 |a SNK  |b KIS3GCP 
958 |a BX 
958 |a RK 
992 |a RBX 
999 |c 1543339  |d 1545269